top 25 best cowboys players - Statistics

General Stats
  • This quiz has been taken 47 times
  • The average score is 14 of 25
Answer Stats
# position Answer % Correct
1 RB Emmitt Smith
98%
5 QB Troy Aikman
98%
23 OL Tyron Smith
98%
4 WR Michael Irvin
93%
17 QB Tony Romo
93%
15 TE Jason Witten
88%
3 QB Roger Staubach
88%
2 CB Deion Sanders
86%
9 RB Tony Dorsett
69%
8 OL Larry Allen
60%
10 DT Randy White
60%
21 WR Dez Bryant
52%
13 LB Bob Lilly
48%
20 LB Demarcus Ware
45%
18 RB Herschel Walker
45%
6 WR Terrell Owens
45%
24 QB Don Meredith
40%
14 CB Jimmy Johnson
31%
19 LB Sean Lee
31%
22 WR Bob Hayes
24%
7 TE Mike Ditka
24%
12 LB Charles Haley
17%
25 OL Travis Frederick
17%
16 QB Chuck Howley
14%
11 WR Lance Alworth
5%
No matching quizzes found
Score Distribution
Percent of People with Each Score
Percentile by Number Answered
Your Score History
You have not taken this quiz